Tous les personnages jouables du jeu "My Hero Academia One's Justice" - Statistiques

Statistiques générales
  • Ce quiz a été pris 58 fois
  • Le résultat moyen est 13 sur 22
Statistiques - réponses
Indice Personnages % Correct
🟢 Izuku Midoriya
98%
🟡 All Might
86%
⚪🔴 Shoto Todoroki
86%
🔴 Katsuki Bakugo
84%
🟢 Tsuyu Asui
72%
All For One
70%
🟤 Ochaco Uraraka
70%
🟡 Denki Kaminari
67%
Tomura Shigaraki
65%
🔴 Eijiro Kirishima
63%
🔴 Momo Yaoyorozu
63%
🔴 Endeavor
60%
Eraser Head
58%
🔵 Dabi
53%
Fumikage Tokoyami
53%
Tenya Iida
49%
🔴 Himiko Toga
44%
🟣 Kyoka Jiro
33%
🔴 Stain
28%
🟡 Gran Torrino
26%
🔴 Muscular
21%
Inasa Yoarashi
9%
Aucun quiz correspondant
Distribution des résultats
% des personnes avec chaque résultat
Percentile par nombre de réponses
Votre historique - résultats
Vous n’avez pas pris ce quiz